XOXOXOmania - die 10sek. Challenge - Sudden Death - Statistiken

Allgemein
  • Dieses Quiz wurde 1.724 mal gespielt
  • Das Durchschnittsergebnis liegt bei 24 aus 30
Answers on the Grid
Answers color-coded by a green-red scale on the quiz's grid according to % correct below.
O
O
O
O
O
O
O
O
O
O
O
O
O
O
O
O
O
O
O
O
O
O
O
O
O
O
O
O
O
O
X
X
X
X
X
X
X
X
X
X
X
X
X
X
X
X
X
X
X
X
X
X
X
X
X
X
X
X
X
X
 
Antwortstatistiken
Antwort % Korrekt
O
85%
O
85%
O
85%
O
83%
O
83%
O
83%
O
83%
O
83%
O
83%
O
82%
O
82%
O
82%
O
82%
O
81%
O
81%
O
81%
O
81%
O
81%
O
81%
O
81%
O
80%
O
80%
O
80%
O
80%
O
80%
O
80%
O
79%
O
79%
O
79%
O
77%
Keine übereinstimmenden Quizze gefunden
Verteilung der Resultate
Anzahl Personen mit jedem Resultat
Perzentil nach korrekt beantworteten Fragen
Ihre Resultats-Entwicklung
Sie haben dieses Quiz noch nicht gespielt